02081nam a22002057a 4500008004100000020002000041020001600061050002200077245011100099260004200210300002800252500004300280505130500323610004001628630004501668650006101713655003701774700003101811700003301842220208b ||||| |||| 00| 0 eng d a9781506410746  a150641074X  a BT77b.W42 2016  aWhat is the Bible? :bthe patristic doctrine of scripture /cMatthew Baker and Mark Mourachian, editors.  aMinneapolis :bFortress Press,c2016. axx, 200 pages ;c24 cm  aIncludes bibliographical references.  aPart I. Approaches in the Christian East. The exegetical metaphysic of Origen of Alexandria / J. A. McGuckin -- A "doctrine of scripture" from the Eastern Orthodox tradition : a reflection on the Desert Father Saint Sarapion of Thmuis / Oliver Herbel -- "He has clothed himself in our language" : the incarnational hermeneutic of Saint Ephrem the Syrian / Matthew Baker -- John Chrysostom on the nature of revelation and task of exegesis / Bradley Nassif -- Barsanuphius, John, and Dorotheos on Scripture : voices from the desert in sixth-century Gaza / Alexis Torrance -- The transfiguration of Jesus Christ as "saturated phenomenon" and as a key to the dynamics of biblical revelation in Saint Maximus the Confessor / Paul M. Blowers -- Scripture as divine mystery: the Bible in the Philokalia / Brock Bingaman -- Part II. Modern approaches inspired by the Fathers. The Bible as Heilsgeschichte : the basic axis and scope of Georges Florovsky's neopatristic synthesis / Nikolaos Asproulis --The Gospel according to Saint Justin the New : Justin Popović on scripture / Vladimir Cvetkovic -- Reality and biblical interpretation : T.F. Torrance's retrieval of patristic hermeneutics / John Taylor Carr -- Merely academic : a brief history of modern biblical criticism / Michael C. Legaspi.  bOrthodoxEastern ChurchxDoctrines. eBiblexCriticism, interpretation, etc.  aFathers of the church, GreekxHistory and criticism.  bCriticism, interpretation, etc.  aBaker, Matthew,eeditor.  aMourachian, Mark,eeditor.